GST for the layman / (Record no. 172361)

MARC details
000 -LEADER
fixed length control field 00538nam a22001817a 4500
005 - DATE AND TIME OF LATEST TRANSACTION
control field 20200204142229.0
010 ## - LCCN (DPL NO)
LC control number ENG-127624
020 ## - INTERNATIONAL STANDARD BOOK NUMBER
International Standard Book Number 9789384061975
Terms of availability 250.00
035 ## - SYSTEM CONTROL NUMBER
System control number EN-111156
037 ## - SOURCE OF ACQUISITION
Source of stock number/acquisition DBAD/PUB
082 ## - DEWEY DECIMAL CLASSIFICATION NUMBER
Classification number 336.27
100 ## - MAIN ENTRY--PERSONAL NAME
Personal name Thakkar,Vishal
245 ## - TITLE STATEMENT
Title GST for the layman /
Remainder of title by Thakkar,Vishal
260 ## - PUBLICATION, DISTRIBUTION, ETC. (IMPRINT)
Place of publication, distribution, etc Mumbai
Name of publisher, distributor, etc Bestsellers18
Date of publication, distribution, etc 2019
270 ## - ADDRESS
City Mumbai
Address B-23,Royal Industrial Estate,5-B, Naigun Cross Road,Wadala
Postal code 400013
300 ## - PHYSICAL DESCRIPTION
Extent 171p.
Other physical details 21cm(pbk)
942 ## - ADDED ENTRY ELEMENTS (KOHA)
Source of classification or shelving scheme Dewey Decimal Classification
Item type English Books
Classification part 336.27
Call number suffix THA
Holdings
Withdrawn status Lost status Not for loan Collection code Home library Current library Date acquired Source of acquisition Cost, normal purchase price Full call number Barcode Copy number Cost, replacement price Koha item type
      Non-fiction Sarojini Nagar Sarojini Nagar 03/02/2020 DBAD/PUB 250.00 336.27 THA EN-111156 1 250.00 English Books

© Delhi Public Library
Hit Counter
free hit counter